Klient/server a Internet v distribuovanej cestovnej kanrelárii = Client/server and Internet in distributed travel agency : Dipl.práca

Enregistré dans:
Détails bibliographiques
Auteur principal: Laufik, Stanislav (Auteur)
Autres auteurs: Galbavý, Miroslav (Directeur de thèse)
Format: Manuscrit Livre
Langue:slovaque
Publié: Bratislava : STU v Bratislave FEI, 1999
Sujets:
Tags: Ajouter un tag
Pas de tags, Soyez le premier à ajouter un tag!

MARC

LEADER 00000ntm a22000003a 4500
001 stu52778
005 20160719164911.1
008 000324s1999----xo------------------slo-d
040 |a STU  |b slo 
041 0 |a slo 
044 |a xo 
100 1 |a Laufik, Stanislav  |4 aut 
245 1 |a Klient/server a Internet v distribuovanej cestovnej kanrelárii = Client/server and Internet in distributed travel agency :  |b Dipl.práca 
260 |a Bratislava :  |b STU v Bratislave FEI,  |c 1999 
300 |a 55 s 
650 7 |a informatika  |2 stusub 
700 1 |a Galbavý, Miroslav  |4 ths  |u E220  |U FEI Fakulta elektrotechniky a informatiky  |T FEI Katedra informatiky a výpočtovej techniky  |U E220  |Y 69 
996 |b EDIPL-6017  |c I*DIPL-6017  |l II680  |s A  |a 24  |w stu52778_0001